000
00286nam a22001337a 4500
008
170816b xxu||||| |||| 00| 0 eng d
020
_a
9781401831226
041
_a
eng
080
_2
9 ED
_a
51
100
_a
36
101
_a
MAT
245
_a
MATH MEDS
_c
CURREN.A.M
942
_2
udc
_c
BK
999
_c
23781
_d
23781